Grupos geográficos de dos #2 - Estadísticas

Estadísticas generales
  • Esta prueba ha sido intentada 6.740 veces
  • La puntuación promedio es 20 de 40
Estadísticas de respuestas
Pista Respuesta % Correcto
Los países con una población de mil millones o más China
99%
Los países con una población de mil millones o más India
97%
Las capitales de Bolivia La Paz
88%
Los desiertos más grandes de África Sahara
84%
Los países que reivindican las islas Malvinas Reino Unido
80%
Los países nombrados por el paralelo 0 Ecuador
79%
Las capitales de Bolivia Sucre
79%
Las cordilleras más grandes que limitan con Francia Alpes
77%
Los países que reivindican las islas Malvinas Argentina
76%
Los reinos pequeños que limitan con Sudáfrica Lesoto
75%
Los países insulares de África en que se habla portugués Cabo Verde
72%
Las cordilleras más grandes que limitan con Francia Pirineos
72%
Los reinos pequeños que limitan con Sudáfrica Esuatini
71%
Las cordilleras que separan Europa y Asia Urales
63%
Las capitales por encima de 60°N Reikiavik
62%
Los países insulares de África en que se habla portugués Santo Tomé y Príncipe
61%
Las ciudades más pobladas de África El Cairo
58%
Las capitales por encima de 60°N Helsinki
55%
Los países nombrados por el paralelo 0 Guinea Ecuatorial
54%
Los mares interiores de Israel Mar Muerto
52%
La ciudad más grande de cada isla neozelandesa Auckland
44%
Los ríos más largos de China Amarillo
43%
Las ciudades más pobladas de África Lagos
43%
Los países de la isla de San Martín Francia
41%
Las capitales de los países sudaneses Jartum
40%
Los países independientes de África hacia 1914 Etiopía
39%
Las cordilleras que separan Europa y Asia Cáucaso
37%
Los países de la isla de San Martín Países Bajos
35%
Los afluentes más largos del Misisipi Misuri
30%
Las capitales de los países sudaneses Yuba
30%
Los países independientes de África hacia 1914 Liberia
29%
Los desiertos más grandes de África Kalahari
28%
Los ríos más largos de China Yangtsé
28%
Las ciudades terminales del Orient Express París
26%
Las ciudades terminales del Orient Express Constantinopla
22%
La ciudad más grande de cada isla neozelandesa Christchurch
16%
Los mares interiores de Israel Mar de Galilea
14%
Las montañas más altas de Hawái Mauna Kea
12%
Las montañas más altas de Hawái Mauna Loa
12%
Los afluentes más largos del Misisipi Arkansas
8%
No se encontraron pruebas coincidentes
Distribución de puntuación
Porcentaje de gente con cada puntuación
Porcentaje por número respondido
Historial de tus puntuaciones
No has intentado esta prueba.